Cities on Interstate 5 - Statistics

General Stats
  • This quiz has been taken 22 times
  • The average score is 39 of 99
Answers on the Map
Answers color-coded by a green-red scale on the quiz's map according to % correct below.
 
Answer Stats
State County Answer % Correct
California Los Angeles Los Angeles
100%
California Sacramento Sacramento
100%
California San Diego San Diego
100%
Washington King Seattle
100%
Oregon Portland
95%
Oregon Salem
95%
Oregon Lane Eugene
90%
Washington Thurston Olympia
90%
California Orange Anaheim
86%
Washington Clark Vancouver
86%
Washington Pierce Tacoma
81%
California Kern Bakersfield
76%
California Shasta Redding
71%
California San Joaquin Stockton
71%
Washington Whatcom Bellingham
67%
California San Diego Chula Vista
67%
Washington Snohomish Everett
62%
California San Diego Oceanside
62%
California Orange Orange
62%
Oregon Albany
57%
Oregon Josephine Grants Pass
57%
Oregon Jackson Medford
57%
California Orange Santa Ana
57%
Washington Lewis Centralia
52%
California Orange Irvine
52%
Washington King Kent
52%
California Sacramento Elk Grove
48%
Washington King Federal Way
48%
Washington Snohomish Marysville
48%
Washington Skagit Mount Vernon
48%
California Los Angeles Santa Clarita
48%
Oregon Lane Springfield
48%
Oregon Washington Tigard
48%
California Siskiyou Weed
48%
California Siskiyou Yreka
48%
Oregon Jackson Ashland
43%
Washington Whatcom Blaine
43%
California San Diego Carlsbad
43%
Oregon Marion Keizer
43%
Oregon Douglas Roseburg
43%
Washington King SeaTac
43%
Oregon Lane Cottage Grove
38%
Washington Pierce Lakewood
38%
California Orange Mission Viejo
38%
Washington Woodland
38%
California Yolo Woodland
38%
Washington Cowlitz Kelso
33%
Washington Thurston Lacey
33%
California Tehama Red Bluff
33%
California Orange San Clemente
33%
Washington King Shoreline
33%
Oregon Tualatin
33%
Oregon Wilsonville
33%
Oregon Marion Woodburn
33%
Washington Cowlitz Castle Rock
29%
Washington Lewis Chehalis
29%
Washington King Des Moines
29%
Washington Pierce Fife
29%
Washington Snohomish Lynnwood
29%
Washington Clark Ridgefield
29%
Oregon Jackson Central Point
24%
California Orange Dana Point
24%
California San Diego Encinitas
24%
Washington Whatcom Ferndale
24%
Washington Cowlitz Kalama
24%
Oregon Jackson Phoenix
24%
Oregon Jackson Rogue River
24%
Oregon Douglas Sutherlin
24%
Washington King Tukwila
24%
Washington Thurston Tumwater
24%
Washington Skagit Burlington
19%
Oregon Lane Coburg
19%
Oregon Lane Creswell
19%
Washington Pierce DuPont
19%
California Orange Lake Forest
19%
Washington Snohomish Mountlake Terrace
19%
California Siskiyou Mount Shasta
19%
Washington Lewis Napavine
19%
California Los Angeles Norwalk
19%
California Orange San Juan Capistrano
19%
California Shasta Shasta Lake
19%
California Shasta Anderson
14%
California Kings Avenal
14%
California Orange Buena Park
14%
Oregon Douglas Canyonville
14%
California Los Angeles Commerce
14%
California Los Angeles Downey
14%
California Siskiyou Dunsmuir
14%
Washington Milton
14%
California San Diego National City
14%
California Orange Tustin
14%
California Colusa Williams
14%
California Orange Laguna Hills
10%
California Los Angeles La Mirada
10%
Oregon Linn Millersburg
10%
California Glenn Orland
10%
California San Diego Solana Beach
10%
California Glenn Willows
10%
California San Joaquin Lathrop
5%
No matching quizzes found
Score Distribution
Percent of People with Each Score
Percentile by Number Answered
Your Score History
You have not taken this quiz